20 Questions de Culture Générale - 4 - Statistiques

Statistiques générales
  • Ce quiz a été pris 126 fois
  • Le résultat moyen est 7 sur 20
Statistiques - réponses
Description Réponse % Correct
Durée réelle de la Guerre de Cent Ans en années. 116
64%
État le plus peuplé des États-Unis. Californie
64%
Nom donné aux locuteurs de langues allemandes. Germanophone
64%
Fruit de mer étant l'être vivant connu le plus riche en zinc. Huître
59%
2ème manga le plus vendu de tous les temps. Dragon Ball
51%
Territoire français le plus éloigné de la France métropolitaine (16 800 km de distance). Nouvelle-Calédonie
50%
Seul pays dont le drapeau est paré d’un dragon (le Pays de Galles n’étant pas un pays). Bhoutan
48%
Métal mou principalement utilisé pour la fabrication de piles et de batteries. Lithium
47%
Métier consistant à s’occuper des pieds des chevaux, notamment en changeant les fers à cheval. Maréchal-ferrant
43%
Met d’origine grec à base d’œufs de poissons qui se tartine généralement. Le tarama
42%
Nation féminine championne olympique de Handball aux JO de Paris 2024. Norvège
34%
Actrice américaine la plus nommée pour l’Oscar de la meilleur actrice, à savoir 17 fois pour 2 victoires. Meryl Streep
33%
Premier homme italien numéro 1 mondial au classement ATP de l’Histoire. Jannik Sinner
29%
Maladie infectieuse chronique provoquant notamment de graves mutilations au niveau des mains et des pieds, aussi connue sous le nom maladie de Hansen. La lèpre
25%
Film américain de 1939 ayant généré le plus de recettes dans l’Histoire du cinéma, en prenant en compte l’inflation. Autant en emporte le vent
23%
Légume-racine ressemblant beaucoup au navet mais avec un collet généralement plus fuselé au niveau de la racine et une forme plus arrondie. Rutabaga
14%
Famille de plante très diversifiée, dont beaucoup d’espèces utilisent le mimétisme pour attirer les insectes pollinisateurs. Orchidée
7%
Nom du créateur de Youtube apparaissant seul sur la première vidéo du site « Me at the zoo ». Jawed Karim
3%
Héro grec notamment connu pour la chasse du sanglier de Calydo. Méléagre
3%
Ordre biologique dont font partis les abeilles, les bourdons ou encore les fourmis. Hyménoptère
2%
Aucun quiz correspondant
Distribution des résultats
% des personnes avec chaque résultat
Percentile par nombre de réponses
Votre historique - résultats
Vous n’avez pas pris ce quiz